| 000 | 01023nam a22003371 4500 | ||
|---|---|---|---|
| 001 | 20932 | ||
| 003 | CZ PrNK | ||
| 005 | 20260207102947.0 | ||
| 007 | ta | ||
| 008 | 011220s1964 xr a g 000 j slo | ||
| 015 | _acnb001108372 | ||
| 020 |
_q(Váz.) : _cKčs 11,50 |
||
| 040 |
_aABA001 _bcze _cABA001 _dABA001 |
||
| 041 | 1 |
_aslo _hfre |
|
| 044 |
_axr _axo |
||
| 072 | 7 |
_a821.133.1-3 _xFrancouzská próza, francouzsky psaná _2Konspekt |
|
| 080 |
_a821.133.1-32 _2MRF |
||
| 080 |
_a(0:82-32) _2MRF |
||
| 080 |
_a(082.21) _2MRF |
||
| 245 | 0 | 0 |
_aSlzy a víno : _bfrancúzske poviedky 19. storočia / _c[zost. a doslov napísal Anton Vantuch] |
| 250 | _a1. vyd. | ||
| 260 |
_aBratislava : _bSmena ; _a[Praha] : _bMladá fronta : _bNaše vojsko, _c1964 |
||
| 300 |
_a267 s. : _bil. ; _c21 cm |
||
| 490 | 1 |
_aMáj ; _vzv. 38 |
|
| 655 | 7 |
_afrancouzské povídky _2czenas |
|
| 655 | 7 |
_aantologie _2czenas |
|
| 700 | 1 |
_aVantuch, Anton, _d1921-2001 _4com |
|
| 830 | 0 | _aMáj (Smena) | |
| 910 | _aABA001 | ||
| 942 |
_2ddc _cKLDO _n0 |
||
| 999 |
_c20932 _d20932 |
||